| 000 | 00477nam a2200193Ia 4500 | ||
|---|---|---|---|
| 999 |
_c4809 _d4809 |
||
| 003 | 0100 | ||
| 007 | 9781844651610 | ||
| 008 | 130227s9999 xx 000 0 und d | ||
| 040 | _cARRUPELIB | ||
| 050 | _aDT30.5.H632 | ||
| 100 |
_aHiddleston, Jane _944897 |
||
| 245 |
_aUnderstanding postcolonialism _cJane Hiddleston |
||
| 260 |
_aLondon _bRoutledge _c2014 |
||
| 300 |
_avi, 202p. ; _c 22cm. |
||
| 650 |
_bDecolonization _99993 |
||
| 650 |
_bAfrica literature _xHistory and criticism _944898 |
||
| 942 |
_2lcc _01 _cMONOGRAPH |
||